000
00314nam a22001217a 4500
008
181129b xxu||||| |||| 00| 0 eng d
041
_a
eng
080
_a
043.3
100
_a
0
101
_a
BTH-MBE
245
_a
Varferia shumedimensionale ne Kosove dhe kohezioni i brishte social
_c
Sylejmani, Q
942
_2
udc
_c
BK
999
_c
52673
_d
52673